| 000 | 00691nam a22001937a 4500 | ||
|---|---|---|---|
| 999 |
_c169818 _d169818 |
||
| 005 | 20191205104617.0 | ||
| 010 | _aA-842614 | ||
| 020 |
_cGift _a- |
||
| 035 | _aA-842614 | ||
| 037 | _bBPPD | ||
| 082 | _a239.1 | ||
| 100 | _aسر د ا ر بہا د ر جگت سنگھ جی مہا ر ا ج | ||
| 245 |
_aآ تم گيا ن _cسر د ا ر بہا د ر جگت سنگھ جی مہا ر ا ج |
||
| 246 |
_aAatam Gayan _bby Sardar Bahadur Jagat Singh Ji Maharaj |
||
| 260 |
_aAmritsar _bRadha Sawami Sat Sangh Bayas _c1986 ء |
||
| 270 |
_aRadha Sawami Sat Sangh Bayas Zila Amritsar _bPunjab _k- |
||
| 300 |
_a248 ص _c22 cm(hb) |
||
| 942 |
_2ddc _cUR _h239.1 _mج گ ت |
||